Districts of Dyfed - Statistics

General Stats
  • This quiz has been taken 5 times
  • The average score is 5 of 6
Answer Stats
Type Name % Correct
District Carmarthen
100%
District Ceredigion
100%
District Llanelli
100%
District Preseli
75%
District South Pembroke
75%
District Dinefwr
50%
No matching quizzes found
Score Distribution
Percent of People with Each Score
Percentile by Number Answered
Your Score History
You have not taken this quiz